000 00828nam a2200241 i 4500
001 C2-0253814
003 PPAK
005 20180727221220.0
008 040410s1981 my |||| ||||| | may d
040 _aPPAK
_beng
_cPPAK
_erda
082 0 4 _a378.595
_223
090 0 0 _a378.595
_bUNI
_dKSA
110 2 _aUniversiti Sains Malaysia
245 0 0 _aKalendar 1981/1982
264 1 _aPulau Pinang :
_bUniversiti Sains Malaysia ,
_c[1981]
300 _a255 pages ;
_c21 cm
336 _2rdacontent
_atext
337 _2rdamedia
_aunmediated
338 _2rdacarrier
_avolume
650 1 0 _aUniversiti Sains Malaysia - Curricula - Periodicals ; Universiti Sains Malaysia - Entrance requirements - Periodicals ; Universiti Sains Malaysia - Admission - Periodicals
710 2 _aUniversiti Sains Malaysia
_eorganizer
942 _ddc
_cB
999 _c66611
_d66611